Titles Found in Books Quiz Stats

 Plays Quiz Updated Oct 12, 2018

Score 0/10 Timer 04:00
3 Plays Today
Line From Book Book Title % Correct
That white whale must be the same that some call ______.Moby-Dick
94.7%
Shoot all the bluejays you want, if you can hit 'em, but remember it's a sin ______.To Kill a Mockingbird
90.1%
Sure there's a catch. ______. Anyone who wants to get out of combat duty isn’t really crazy.Catch-22
66.1%
...she turned her eyes downward at ______, and even touched it with her finger, to assure herself that the infant and the shame were real.The Scarlet Letter
45.1%
They were black and iridescent green and without number; and in front of Simon, the ______ hung on his stick and grinned.Lord of the Flies
26.7%
Their address was this 'Schlachthof-funf.' Schlachthof meant ______. Funf meant good old ______.Slaughterhouse-Five
25.4%
...and conquer themselves so beautifully that when I come back to them I may be fonder and prouder than ever of my ______.Little Women
12.2%
A sense of complete helplessness had descended upon him. To begin with, he did not know with any certainty that this was ______.Nineteen Eighty-Four
7.4%
Now, I return to this young fellow. And the communication I have got to make is, that he has ______.Great Expectations
6.6%
The name of Sinbad the Sailor, as may well be supposed, awakened in him a world of recollections, as had the name of ______ on the previous evening.The Count of Monte Cristo
3%

You're not logged in!

Compare scores with friends on all Sporcle quizzes.
OR
Log In

Sporcle TV

Today on Sporcle TV


Watch our educational content, quiz creation guides, and fun videos on Sporcle TV.

Show Comments

Extras

Top Quizzes Today


Score Distribution

Your Account Isn't Verified!

In order to create a playlist on Sporcle, you need to verify the email address you used during registration. Go to your Sporcle Settings to finish the process.

Report this User

Report this user for behavior that violates our Community Guidelines.

Details: